Polítiques locals de joventut : criteris, eines i recursos / autor de l'estudi: Pep Montes i Sala criteris, eines i recursos / autor de l'estudi:
ISBN:
978-84-9803-309-0
Publicado:
Barcelona :
Diputació de Barcelona. Àrea d'Igualtat i Ciutadania. Oficina del Pla Jove ,
2008
Descripción Física:
341 p. ; 24 cm
Colección:
Estudis. Igualtat i Ciutadania ; 4
Materias:
Catalunya -- Política de la joventut
MARC
| LEADER | 00000nam a2200000Ia 4500 | ||
|---|---|---|---|
| 001 | 20786 | ||
| 008 | 160829s2008 xx 000 0 cat d | ||
| 020 | |a 978-84-9803-309-0 | ||
| 080 | |a S-1-260 | ||
| 100 | |a Montes i Sala, Pep |9 39759 | ||
| 245 | |a Polítiques locals de joventut : |b criteris, eines i recursos / autor de l'estudi: |b Pep Montes i Sala | ||
| 260 | |a Barcelona : |b Diputació de Barcelona. Àrea d'Igualtat i Ciutadania. Oficina del Pla Jove, |c 2008 | ||
| 300 | |a 341 p. ; |c 24 cm | ||
| 490 | |a Estudis. Igualtat i Ciutadania ; 4 | ||
| 590 | |a Hi ha un exemplar en castellà amb R. 22232 | ||
| 651 | 0 | |a Catalunya |x Política de la joventut |9 56245 | |
| 710 | 1 | |a Barcelona (Catalunya : Província). |b Oficina del Pla Jove |9 52707 | |
| 901 | |a Arxiu | ||
| 942 | |n 1 | ||
| 952 | |0 0 |1 0 |4 0 |6 S1260 |7 1 |9 52879 |a Arxiu |b Arxiu |d 2016-12-01 |l 0 |o S-1-260 |p 20786 |r 2016-12-01 00:00:00 |w 2016-12-01 |y ARXIU | ||
| 999 | |c 56728 |d 56728 | ||